<?xml version="1.0" encoding="UTF-8"?>
<record
    xmlns:xsi="http://www.w3.org/2001/XMLSchema-instance"
    xsi:schemaLocation="http://www.loc.gov/MARC21/slim http://www.loc.gov/standards/marcxml/schema/MARC21slim.xsd"
    xmlns="http://www.loc.gov/MARC21/slim">

  <leader>00807nam a2200241 a 4500</leader>
  <controlfield tag="008">951121s1987||||[C               0  slo c</controlfield>
  <datafield tag="020" ind1=" " ind2=" ">
    <subfield code="c">25 K&#x10D;s. </subfield>
    <subfield code="q">(24500 v&#xFD;tl.)</subfield>
  </datafield>
  <datafield tag="040" ind1=" " ind2=" ">
    <subfield code="a">SNK</subfield>
    <subfield code="b">slo</subfield>
    <subfield code="c">SNK</subfield>
    <subfield code="e">AACR2</subfield>
  </datafield>
  <datafield tag="041" ind1="1" ind2=" ">
    <subfield code="a">slo</subfield>
    <subfield code="h">swe</subfield>
  </datafield>
  <datafield tag="044" ind1=" " ind2=" ">
    <subfield code="a">xo</subfield>
    <subfield code="c">SK</subfield>
  </datafield>
  <datafield tag="080" ind1=" " ind2=" ">
    <subfield code="a">839.7-3</subfield>
  </datafield>
  <datafield tag="100" ind1="1" ind2=" ">
    <subfield code="a">Leijonhufvud, Ake</subfield>
    <subfield code="4">aut</subfield>
  </datafield>
  <datafield tag="245" ind1="1" ind2="0">
    <subfield code="a">Anna a Christian</subfield>
    <subfield code="c">Ake Leijonhufvud ; Silvia Smidov&#xE1;, Milan &#x17D;itn&#xFD;, &#x13D;ubica &#x160;tukov&#xE1;</subfield>
  </datafield>
  <datafield tag="250" ind1=" " ind2=" ">
    <subfield code="a">1., vyd.</subfield>
  </datafield>
  <datafield tag="260" ind1=" " ind2=" ">
    <subfield code="a">Bratislava</subfield>
    <subfield code="b">Smena</subfield>
    <subfield code="c">1987</subfield>
    <subfield code="e">Bratislava</subfield>
    <subfield code="f">Pravda</subfield>
  </datafield>
  <datafield tag="300" ind1=" " ind2=" ">
    <subfield code="a">269 s., 17,51 AH</subfield>
    <subfield code="c">20 cm</subfield>
  </datafield>
  <datafield tag="490" ind1="0" ind2=" ">
    <subfield code="a">M&#xE1;j</subfield>
    <subfield code="v">Zv. 4.</subfield>
  </datafield>
  <datafield tag="500" ind1=" " ind2=" ">
    <subfield code="a">505. Ilustr. na front. Spoluvyd. Lidov&#xE9; nakladatelstv&#xED;, Mlad&#xE1; fronta a Na&#x161;e vojsko, Praha.</subfield>
  </datafield>
  <datafield tag="700" ind1="1" ind2=" ">
    <subfield code="a">Smidov&#xE1;, Silvia</subfield>
    <subfield code="4">trl</subfield>
  </datafield>
  <datafield tag="700" ind1="1" ind2=" ">
    <subfield code="a">&#x17D;itn&#xFD;, Milan</subfield>
    <subfield code="d">1948-</subfield>
    <subfield code="4">[ADC]</subfield>
  </datafield>
  <datafield tag="700" ind1="1" ind2=" ">
    <subfield code="a">&#x160;tukov&#xE1;, &#x13D;ubica</subfield>
    <subfield code="4">bkd</subfield>
  </datafield>
  <datafield tag="958" ind1=" " ind2=" ">
    <subfield code="a">A</subfield>
  </datafield>
  <datafield tag="999" ind1=" " ind2=" ">
    <subfield code="c">11967</subfield>
    <subfield code="d">11967</subfield>
  </datafield>
  <datafield tag="952" ind1=" " ind2=" ">
    <subfield code="0">0</subfield>
    <subfield code="1">0</subfield>
    <subfield code="4">0</subfield>
    <subfield code="7">0</subfield>
    <subfield code="8">K</subfield>
    <subfield code="a">10000</subfield>
    <subfield code="b">10000</subfield>
    <subfield code="d">2019-11-29</subfield>
    <subfield code="g">25.00</subfield>
    <subfield code="i">11271</subfield>
    <subfield code="o">B 5406</subfield>
    <subfield code="r">2019-11-29</subfield>
    <subfield code="w">2019-11-29</subfield>
    <subfield code="y">KLDO</subfield>
  </datafield>
</record>
